000 00711 a2200217 4500
003 Nust
005 20221208130636.0
010 _a 93026197
020 _a0792393910 (acid-free paper)
040 _cNust
082 0 0 _a621.382,LEE
100 1 _aLee, Edward A.,
_9104467
245 1 0 _aDigital communication /
_cEdward A. Lee, David G. Messerschmitt.
250 _a2nd ed.
260 _aBoston :
_bKluwer Academic Publishers,
_cc1994.
300 _a893 p. :
_bill. ;
_c25 cm.
505 _aThe Basics (Page-1), Modulation and Detection (Page-178), Coding (Page-555), Multiple Access (Page-765),
650 0 _aTelecommunication Engineering.
700 1 _aMesserschmitt, David G.
_980537
942 _cBK
_2ddc
999 _c190612
_d190612